| 000 | 00699cab a22002055a 4500 | ||
|---|---|---|---|
| 001 | L135806 | ||
| 008 | 061212e20061202xxk f 000 0 eng d | ||
| 035 | _a(Sirsi) u135806 | ||
| 041 | 0 | _aeng | |
| 100 | 1 | _aMorgan, Howard | |
| 245 | 0 | 0 | _aTop players are keen to go Dutch |
| 260 | _c2006 | ||
| 490 | 0 |
_aEstates Gazette _v(0648) 02 December 2006, 222-224(3) |
|
| 520 | _aDiscusses customer service to occupiers in the UK, examining the Netherlands approach to ask whether or not it could aid a Europe-wide strategy. | ||
| 651 | 4 | _aEUROPE | |
| 651 | 4 | _aNETHERLANDS | |
| 690 |
_aBlock management _96220 |
||
| 690 | _aMANAGEMENT-BUSINESS MANAGEMENT-CUSTOMER RELATIONSHIP MANAGEMENT | ||
| 942 | _n0 | ||
| 999 |
_c78003 _d78003 |
||